• 首页
  • 本馆介绍
  • 公告通知
  • 最新文献
  • 馆藏检索
  • 电子资源
  • 读者导购
  • 参考咨询
  • 我的图书馆
  • 登录
  • 详细信息显示
  • 放入我的书架
  • 预约/预借图书
  • 作者相关作品
  • 分类相关作品
  • 丛书相关作品
  • 出版社相关作品

书目信息

  • 表格格式
  • 工作单格式
  • 卡片格式
书名: Research methods in the social and behavioral sciences
作者: Russell A. Jones
分册号:
分册名:
出版地: Sunderland, Mass. :
 
出版社: Sinauer Associates
出版时间: c1996.
页数: 369 p. :
开本: 25 cm.
丛书名:
中图分类号:
科图分类号:
其他分类号: C91
主题词:
电子资源:
000 01018nam 2200313 a 4500
001 E0734735437
003 DLC
005 20070513094420.31
008 uu
008 001 0 eng
010    @a95037162
020    @a0878933727 (pbk.).
040    @aDLC @cDLC @dDLC
049    @aN5LA
050 00 @aH62 @b.J62 1996
082 00 @a300/.72/MJx @220
090    @a2-97/C0/J78/ 1996/////1162388
090    @aC91
096    @aC0 @v3
099    @dC91@ex145=2
100 1  @aJones, Russell A.
245 10 @aResearch methods in the social and behavioral sciences / @cRussell A. Jones
250    @a2nd ed.
260    @aSunderland, Mass. :@bSinauer Associates,@cc1996.
300    @a369 p. :@bill. ;@c25 cm.
504    @aIncludes bibliographical references (p. 341-357) and indexes.
650  0 @aSocial sciences @xResearch @xMethodology.
650  0 @aSocial psychology @xResearch @xMethodology. @b00 @c20020930 @lNLC09 @h2252 @lNLC09 @h0012 @lNLC09 @h2005
852 9  @bWWJC @cJ09 @k2-97 @hC0 @iJ78/1996
    
    Research methods in the social and behavioral sciences / / Russell A. Jones.-2nd ed.-Sunderland, Mass. : : Sinauer Associates, , c1996.
    369 p. : : ill. ; ; 25 cm.
    Includes bibliographical references (p. 341-357) and indexes.
    
    ISBN 0878933727 (pbk.).
    
●
相关链接 在E读中查询图书 在五车中查询图书 在当当中查询图书 在豆瓣中查询图书


正题名:Research methods in the social and behavioral sciences     索取号:C91/x145=2         预约/预借

序号 登录号 条形码 馆藏地/架位号 状态 备注
1 008391   300083914   第二样本阅览室/ [索取号:C91/x145=2] 在馆    
2 008392   300083923   第四借阅区/ [索取号:C91/x145=2] 在馆    
3 008393   300083932   第四借阅区/ [索取号:C91/x145=2] 在馆    
唐山师范学院图书馆 欢迎您!
大连网信软件有限公司© 版权所有